ბათუმის შოთა რუსთაველის სახელმწიფო უნივერსიტეტის ბიბლიოთეკა

Системы сингулярных интегральных уравнении и некоторые граничные задачи (ბიბ.ჩანაწერი № 48154)

000 -LEADER
fixed length control field 00659nam a2200193Ia 4500
001 - CONTROL NUMBER
control field 15036
003 - CONTROL NUMBER IDENTIFIER
control field GE_BSU
008 - FIXED-LENGTH DATA ELEMENTS--GENERAL INFORMATION
fixed length control field 181216s||||||||xx |||||||||||||| ||und||
040 ## - CATALOGING SOURCE
Transcribing agency GE_BSU
080 ## - UNIVERSAL DECIMAL CLASSIFICATION NUMBER
Universal Decimal Classification number 517.96
100 ## - MAIN ENTRY--PERSONAL NAME
Personal name Векуа,И.Н.
245 ## - TITLE STATEMENT
Title Системы сингулярных интегральных уравнении и некоторые граничные задачи
260 ## - PUBLICATION, DISTRIBUTION, ETC.
Place of publication, distribution, etc. Москва
260 ## - PUBLICATION, DISTRIBUTION, ETC.
Name of publisher, distributor, etc. Наука
260 ## - PUBLICATION, DISTRIBUTION, ETC.
Date of publication, distribution, etc. 1970
300 ## - PHYSICAL DESCRIPTION
Extent 377стр.22см.
653 ## - INDEX TERM--UNCONTROLLED
Uncontrolled term Системы сингулярных интегральных уравнении и некоторые граничные задачи
942 ## - ADDED ENTRY ELEMENTS (KOHA)
Koha item type წიგნი
ეგზემპლარები
Withdrawn status Lost status Damaged status Not for loan Date acquired Barcode Date last seen Price effective from Koha item type
        2018-12-17 17267 2018-12-17 2018-12-17 წიგნი